000 01078nam0a22002891 4500
001 rc\3949947
005 20250611033905.0
021 _aRU
_b[55-22926]
035 _a(NLR Aleph) 008043857
090 _a8898527
_c8898527
100 _a20130415d1955 |||y0rusy50 ca
101 0 _arus
102 _aRU
105 _ay z |||||
200 1 _aКукуруза - ценная сельскохозяйственная культура
210 _aМосква
_cГоскультпросветиздат
_d1955
215 _a24 с.
_d22
300 _aПеред загл. авт.: С.С. Шаин, д-р с.-х. наук проф., М.Н. Смирнов, канд. с.-х. наук
300 _aНа обл. авт. не указаны
606 _aКукуруза
_xВозделывание
_2psbo
700 1 _aШаин
_bС.С.
_f1903-1963
_gСоломон Самуилович
701 1 _aСмирнов
_bМ.Н.
_gМихаил Николаевич
801 0 _aRU
_bNLR
_gpsbo
801 1 _aRU
_bELAR
_2rusmarc
852 _aNLR
_jС50 Г-6/841
942 _cBOOK
980 _aNB